B D CHAURASIA'S HUMAN ANATOMY (Record no. 29196)
[ view plain ]
| 000 -LEADER | |
|---|---|
| fixed length control field | 00407nam a22001577a 4500 |
| 003 - CONTROL NUMBER IDENTIFIER | |
| control field | SGT |
| 082 ## - DEWEY DECIMAL CLASSIFICATION NUMBER | |
| Classification number | 611 |
| Item number | B24G |
| 100 ## - MAIN ENTRY--PERSONAL NAME | |
| Personal name | GARG, KRISHNA,ed, |
| 245 ## - TITLE STATEMENT | |
| Title | B D CHAURASIA'S HUMAN ANATOMY |
| Remainder of title | BRAIN- NEUROANATOMY |
| 250 ## - EDITION STATEMENT | |
| Edition statement | 10TH |
| 260 ## - PUBLICATION, DISTRIBUTION, ETC. (IMPRINT) | |
| Place of publication, distribution, etc | NEW DELHI |
| Name of publisher, distributor, etc | CBS PUB. |
| Year of Publication | 2024 |
| 300 ## - PAGE DESCRIPTION | |
| No. of Pages | 199 |
| 650 ## - SUBJECT ADDED ENTRY--TOPICAL TERM | |
| Topical term or geographic name as entry element | HUMAN ANATOMY |
| 653 ## - KEYWORDS--INDEX TERM | |
| Keyword term | B D CHAURASIA'S, HUMAN , ANATOMY , BRAIN, NEUROANATOMY |
| 942 ## - ADDED ENTRY ELEMENTS (KOHA) | |
| Source of classification or shelving scheme | Dewey Decimal Classification |
| Koha item type | Books |
| Withdrawn status | Lost status | Source of classification or shelving scheme | Damaged status | Not for loan | Collection code | Home library | Current library | Shelving location | Date acquired | Vendor Name | Cost, normal purchase price | Volume Information (Serial or Books or Non-Book Material) | SGTU | Bill Number | Total Checkouts | Full call number | Accession No. (Barcode) | Date last seen | Date last borrowed | Bill Date | Koha item type | Use restrictions |
|---|---|---|---|---|---|---|---|---|---|---|---|---|---|---|---|---|---|---|---|---|---|---|
| Dewey Decimal Classification | AYURVEDA | SGT FA-FP Library | SGT FA-FP Library | Text Book | 21/01/2025 | AHUJA PUB. | 1195.00 | 4 | SGTU | 19920 | 1 | 611 B24G | FA12656 | 17/04/2026 | 17/04/2026 | 21/11/2024 | Books | |||||
| Dewey Decimal Classification | AYURVEDA | SGT FA-FP Library | SGT FA-FP Library | Text Book | 21/01/2025 | AHUJA PUB. | 1195.00 | 4 | SGTU | 19920 | 2 | 611 B24G | FA12657 | 23/04/2026 | 08/04/2026 | 21/11/2024 | Books | |||||
| Dewey Decimal Classification | AYURVEDA | SGT FA-FP Library | SGT FA-FP Library | Reference Book | 21/01/2025 | AHUJA PUB. | 1195.00 | 4 | SGTU | 19920 | 611 B24G | FA12658 | 21/01/2025 | 21/11/2024 | Books | Restricted Access | ||||||
| Dewey Decimal Classification | AYURVEDA | SGT FA-FP Library | SGT FA-FP Library | Text Book | 21/01/2025 | AHUJA PUB. | 1195.00 | 4 | SGTU | 19920 | 611 B24G | FA12659 | 21/01/2025 | 21/11/2024 | Books | |||||||
| Dewey Decimal Classification | AYURVEDA | SGT FA-FP Library | SGT FA-FP Library | Text Book | 21/01/2025 | AHUJA PUB. | 1195.00 | 4 | SGTU | 19920 | 611 B24G | FA12660 | 21/01/2025 | 21/11/2024 | Books |